| 000 | 00528 a2200241 4500 | ||
|---|---|---|---|
| 260 | _aParis | ||
| 630 | _a57 - Biologie | ||
| 037 | _b2, Achat | ||
| 650 | _a5 - SCIENCES EXACTES ET NATURELLES | ||
| 100 | _aWeil, J.-H. | ||
| 260 | _bMasson et Cie | ||
| 245 | _aBiochimie générale | ||
| 300 | _a427 p. | ||
| 650 | _aBiochimie | ||
| 260 | _c1975 | ||
| 300 | _b21cm | ||
| 100 | _lFr | ||
| 037 | _aS 29578 | ||
| 037 | _aS 29579 | ||
| 250 | _a2e éd. revue et corrigée | ||
| 020 | _a2.225.41756.3 | ||
| 999 |
_c41643 _d41643 |
||